Humble Pie Discography - Statistics

General Stats
  • This quiz has been taken 7 times
  • The average score is 8 of 32
Answer Stats
Type Year Name % Correct
Album 1970 Humble Pie
80%
Album 1971 Rock On
80%
Album 1972 Smokin'
80%
Album 1975 Street Rats
80%
Album 1974 Thunderbox
80%
Album 1969 Town and Country
80%
Album 1969 As Safe as Yesterday Is
60%
Album 1973 Eat It
60%
Album 1980 On to Victory
60%
Live Album 1971 Performance Rockin' the Fillmore
40%
Live Box Set 2013 Performance Rockin' the Fillmore: The Complete Recordings
40%
Compilation 1977 Greatest Hits
20%
Compilation 2000 20th Century Masters - The Millennium Collection: The Best of Humble Pie
0%
Compilation 1976 Back Home Again
0%
Album 2002 Back on Track
0%
Compilation 1982 Best of Humble Pie
0%
Compilation 1987 Classics Volume 14
0%
Compilation 1994 Early Years
0%
Live Album 2000 Extended Versions
0%
Album 1981 Go for the Throat
0%
Compilation 1994 Hot n' Nasty: The Anthology
0%
Reissued Live Album 1996 In Concert
0%
Live Album 1995 King Biscuit Flower Hour Presents: In Concert Humble Pie Live 1973
0%
Live Album 2002 Live at the Whisky a Go-Go '69
0%
Compilation 1973 Lost and Found
0%
Live Album 2000 Natural Born Boogie: The BBC Sessions
0%
Compilation 2006 One More for the Old Tosser
0%
Compilation 1999 Running with the Pack
0%
Compilation 2005 The Atlanta Years
0%
Compilation 2006 The Definitive Collection
0%
Compilation 1999 The Immediate Years: Natural Born Boogie
0%
Compilation 1997 The Scrubbers Sessions
0%
No matching quizzes found
Score Distribution
Percent of People with Each Score
Percentile by Number Answered
Your Score History
You have not taken this quiz